000 00899cam a2200253 a 4500
001 11873060
005 20250127153311.0
008 991220s2001 caua 001 0 eng
020 _a076741067X
050 0 0 _aB105.T54
_bM66 2001
082 0 0 _a160
_221
100 1 _aMoore, Brooke Noel.
245 1 0 _aCritical thinking /
_cBrooke Noel Moore, Richard Parker.
250 _a6th ed.
260 _aMountain View, Calif. :
_bMayfield Pub.,
_cc2001.
300 _axx, 522, [82] p. :
_bill. ;
_c23 cm.
500 _a"Chapter 13 by Nina Rosenstand and Anna Silvers."
500 _aIncludes index.
650 0 _aCritical thinking.
700 1 _aParker, Richard
_q(Richard B.).
856 4 2 _3Publisher description
_uhttp://www.loc.gov/catdir/enhancements/fy0702/99086473-d.html
856 4 1 _3Table of contents only
_uhttp://www.loc.gov/catdir/enhancements/fy0702/99086473-t.html
942 _2lcc
_cBK
_n0
999 _c3101
_d3101